<?xml version="1.0" encoding="UTF-8"?>
<collection xmlns:xsi="http://www.w3.org/2001/XMLSchema-instance" xsi:schemaLocation="http://www.loc.gov/MARC21/slim http://www.loc.gov/standards/marcxml/schema/MARC21slim.xsd" xmlns="http://www.loc.gov/MARC21/slim">
 <record>
  <leader>00000cam a22000004a 4500</leader>
  <controlfield tag="001">UP-99796217604099554</controlfield>
  <controlfield tag="003">Buklod</controlfield>
  <controlfield tag="005">20230503092542.0</controlfield>
  <controlfield tag="006">t     rm   |||| ud</controlfield>
  <controlfield tag="007">ta</controlfield>
  <controlfield tag="008">030703s        xx a    rbc  ||00 u|    d</controlfield>
  <datafield tag="020" ind1=" " ind2=" ">
   <subfield code="a">3775709517 (Trade edition)</subfield>
  </datafield>
  <datafield tag="035" ind1=" " ind2=" ">
   <subfield code="a">(iLib)UPD-00000241751</subfield>
  </datafield>
  <datafield tag="040" ind1=" " ind2=" ">
   <subfield code="a">cfa041 1</subfield>
   <subfield code="a">eng $hger</subfield>
  </datafield>
  <datafield tag="042" ind1=" " ind2=" ">
   <subfield code="a">lc</subfield>
  </datafield>
  <datafield tag="090" ind1=" " ind2=" ">
   <subfield code="a">N6888 S42</subfield>
   <subfield code="b">A4 2000</subfield>
  </datafield>
  <datafield tag="100" ind1="1" ind2=" ">
   <subfield code="a">Schwitters, Kurt</subfield>
   <subfield code="d">1887-1948.</subfield>
  </datafield>
  <datafield tag="240" ind1="0" ind2="1">
   <subfield code="a">Aller Anfang ist Merz.</subfield>
   <subfield code="l">English</subfield>
  </datafield>
  <datafield tag="245" ind1="0" ind2="1">
   <subfield code="a">Merz</subfield>
   <subfield code="b">in the beginning was Merz : from Kurt Schwitters to the present   day</subfield>
   <subfield code="c">edited by Susanne Meyer-Buser and Karin Orchard ; [translation from   the German, Fiona Elliott].</subfield>
  </datafield>
  <datafield tag="264" ind1=" " ind2="1">
   <subfield code="a">Ostfildern</subfield>
   <subfield code="b">Hatje Cantz</subfield>
   <subfield code="c">c2000.</subfield>
  </datafield>
  <datafield tag="300" ind1=" " ind2=" ">
   <subfield code="a">347 p.</subfield>
   <subfield code="b">ill. (some col.) .</subfield>
  </datafield>
  <datafield tag="500" ind1=" " ind2=" ">
   <subfield code="a">Catalogue published to accompany the exhibition held at Sprengel-Museum   Hannover, Aug. 20-Nov. 5, 2000; Kunstsammlung Nordrhein Westfalen   Dusseldorf, Nov. 25, 2000-Feb. 18, 2001; Haus der Kunst Munchen, Mar.   9-May 20, 2001.</subfield>
  </datafield>
  <datafield tag="505" ind1="0" ind2="0">
   <subfield code="a">Kurt Schwitters and Hanover, or of the trade and the traffic of the   residents in the settlement where Mr Schwitters is forced to live / Ines   Katenhusen -- &quot;What would life be without Merzn&quot; : on the evolution and   meaning of Kurt Schwitters' concept of art / Isabel Schulz -- &quot;My goal is   the Merzgesamtkunstwerk ...&quot; : on the unity of Kurt Schwitters' nuvre /   Anette Kruszynski -- &quot;Atelier Merzbau&quot; - the Merzbau in the tradition of   artists' studios and the problems of its reconstruction / Ulrich Krempel --   On disappearing in space - walk-in collages from Schwitters to the present   day / Susanne Meyer-Buser -- The eloquence of waste : Kurt Schwitters' work   and its reception in America / Karin Orchard -- Father of the fathers of pop   : Kurt Schwitters / Isabelle Ewig -- Kurt Schwitters and nouveau realisme /   Dietmar Elger -- &quot;Crumple and turbulate&quot; : Kurt Schwitters and the action   art of the 1960s / Justin Hoffmann -- &quot;You can't avoid Schwitters&quot; : on the   critical reception of the Merz poet since 1945 / Gerhard Schaub.</subfield>
  </datafield>
  <datafield tag="600" ind1="0" ind2="1">
   <subfield code="a">Schwitters, Kurt</subfield>
   <subfield code="d">1887-1948</subfield>
   <subfield code="v">Exhibitions.</subfield>
  </datafield>
  <datafield tag="600" ind1="0" ind2="1">
   <subfield code="a">Schwitters, Kurt</subfield>
   <subfield code="d">1887-1948</subfield>
   <subfield code="x">Influence.</subfield>
  </datafield>
  <datafield tag="650" ind1=" " ind2="0">
   <subfield code="a">Dadaism</subfield>
   <subfield code="x">Influence</subfield>
   <subfield code="v">Exhibitions.</subfield>
  </datafield>
  <datafield tag="650" ind1=" " ind2="0">
   <subfield code="a">Art, Modern</subfield>
   <subfield code="y">20th century</subfield>
   <subfield code="v">Exhibitions.</subfield>
  </datafield>
  <datafield tag="700" ind1="1" ind2=" ">
   <subfield code="a">Meyer-Buser, Susanne.</subfield>
  </datafield>
  <datafield tag="700" ind1="1" ind2=" ">
   <subfield code="a">Orchard, Karin.</subfield>
  </datafield>
  <datafield tag="710" ind1="2" ind2="2">
   <subfield code="a">Sprengel Museum Hannover.</subfield>
  </datafield>
  <datafield tag="710" ind1="2" ind2="2">
   <subfield code="a">Kunstsammlung Nordrhein-Westfalen (Germany).</subfield>
  </datafield>
  <datafield tag="710" ind1="2" ind2="2">
   <subfield code="a">Haus der Kunst Munchen.</subfield>
  </datafield>
  <datafield tag="842" ind1=" " ind2=" ">
   <subfield code="a">Book</subfield>
  </datafield>
  <datafield tag="905" ind1=" " ind2=" ">
   <subfield code="a">FO</subfield>
  </datafield>
  <datafield tag="950" ind1=" " ind2=" ">
   <subfield code="a">Monograph</subfield>
  </datafield>
  <datafield tag="852" ind1="0" ind2=" ">
   <subfield code="a">UPD</subfield>
   <subfield code="b">DCFA</subfield>
   <subfield code="h">N6888 S42 A4 2000</subfield>
  </datafield>
  <datafield tag="942" ind1=" " ind2=" ">
   <subfield code="a">Book</subfield>
  </datafield>
 </record>
</collection>
